1011 1226 1382 1183 1496 1066 1500 1549 1236 1476 1804 1912 1291 1003 1073 1676 1097 1073 1010 1905 1659 1821 1797 1748 1995 1796 1132 1985 1318 1607 1566 1477 1184 1141 1807 1703 1017 1624 1893 1848 1595 1685 1351 1152 1657 1060 1040 1886 1087 1421 1074 1359 1647 1906 1354 1426 1397 1677 1780 1417 1587 1660 1014 1854 1573 1996 1397 1739 1337 1583 1398 1641 1119 1543 1146 1337 1436 1361 1543 1553 1489 1764 1905 1930 1148 1933 1521 1341 1891 1541 1843 1771 1876 1731 1347 1535 1834 1722 1803 BCNSPRNW ULIB Ver.6.0+V

เปลี่ยนเป็นภาษาไทย

Change to English
 แสดงรายละเอียดบรรณานุกรม
  กลับหน้าหลัก

Brief Record : Get Marc (ISO 2709) : E-mail record : QR code < ปิดหน้าต่าง
LEADER : 00000nam 2200000uu 4500
001    13399121892
003     ULIB
008    121213s2547||||th 000 0 tha d
020    ^a9744220813
060 04 ^aWF658^bน415น 2547
245 00 ^aแนวทางเวชปฏิบัติการวินิจฉัยโรคมะเร็งปอด /^cสำนักพัฒนาวิชาการแพทย์ กรมการแพทย์ กระทรวงสาธารณสุข
250    ^aพิมพ์ครั้งที่ 1
260    ^a[นนทบุรี] :^bสำนัก,^c2547
300    ^a16 หน้า :^bภาพประกอบ ;^c30 ซม.
650  7 ^aปอด, เนื้องอก^xการวินิจฉัย
710 2  ^aกรมการแพทย์. ^bสำนักพัฒนาวิชาการแพทย์
945    ^p0^l0^i13648
945    ^p0^l0^i13649
945    ^p0^l0^i13650
945    ^p0^l0^i13651
995    ^aกัณชพร
999 ^a ใช้งานได้ทุกระบบ
รายการนี้ยังไม่มีแท็ก
คุณยังไม่ได้ล็อกอิน คุณสามารถมีกิจกรรมร่วมกับเว็บไซต์ได้ แต่ต้องล็อกอินก่อน ::
  ล็อกอิน

รายการสื่อสารสนเทศ

ลำดับที่ ประเภท เลขเรียก/บาร์โค้ด สถานที่ สถานะ
1. วิทยาศาสตร์การแพทย์ และสุขภาพ
วิทยาศาสตร์การแพทย์ และสุขภาพ
WF658 น415น 2547  
  Barcode: 13648
ห้องสมุดวิทยาเขตสวรรค์ประชารักษ์
►หนังสือทั่วไป
บนชั้น
2. วิทยาศาสตร์การแพทย์ และสุขภาพ
วิทยาศาสตร์การแพทย์ และสุขภาพ
WF658 น415น 2547 ฉ.2 
  Barcode: 13649
ห้องสมุดวิทยาเขตสวรรค์ประชารักษ์
►หนังสือทั่วไป
บนชั้น
3. วิทยาศาสตร์การแพทย์ และสุขภาพ
วิทยาศาสตร์การแพทย์ และสุขภาพ
WF658 น415น 2547 ฉ.3 
  Barcode: 13650
ห้องสมุดวิทยาเขตสวรรค์ประชารักษ์
►หนังสือทั่วไป
บนชั้น
4. วิทยาศาสตร์การแพทย์ และสุขภาพ
วิทยาศาสตร์การแพทย์ และสุขภาพ
WF658 น415น 2547 ฉ.4 
  Barcode: 13651
ห้องสมุดวิทยาเขตสวรรค์ประชารักษ์
►หนังสือทั่วไป
บนชั้น

BibComment


ยังไม่เคยถูกคอมเมนท์

คอมเมนท์ทรัพยากรรายการนี้
  คอมเมนท์: แนวทางเวชปฏิบัติ..


 Copyright 2026. Bcnsprnw @Library